000 00567cam a2200217ua 4500
001 8656
005 20260515114348.0
008 150210n ii |||gr||||Z||||||eng
020 _a9788123719788
040 _cMAIN
041 _aeng
082 _a820.954
100 _aGeorge, K. M.,
_eAuthor.
245 1 _aMasterpieces of Indian literature :
_bVol II /
_cEdited by K. M. George .
250 _a1st.
260 _aNew Delhi:
_bNational,
_c2008.
300 _a800p.
653 _aEnglish.& Old English literatures
653 _aIndian literature
942 _cBK
999 _c7748
_d7748